Znevýhodnený používateľ a knižnica
Analýza problematiky znevýhodnených používateľov v knižničnej a informačnej vede. Vymedzenie základných špeciálnych informačných zdrojov v knižnici. Informačné potreby a informačné správanie ZP. Poskytovanie diferencovaných knižnično-informačných služieb v knižnici. Využitie moderných informačných t...
Salvato in:
| Autore principale: | |
|---|---|
| Natura: | Capitolo di libro |
| Lingua: | slovacco |
| Soggetti: | |
| Tags: |
Nessun Tag, puoi essere il primo ad aggiungerne!!
|
MARC
| LEADER | 00000naa$a2200000$$$4500 | ||
|---|---|---|---|
| 001 | 0054183 | ||
| 005 | 20230809104032.2 | ||
| 041 | 0 | |a slo | |
| 044 | |a SK | ||
| 245 | 1 | 0 | |a Znevýhodnený používateľ a knižnica |c Marta Matthaeidesová |
| 520 | |a Analýza problematiky znevýhodnených používateľov v knižničnej a informačnej vede. Vymedzenie základných špeciálnych informačných zdrojov v knižnici. Informačné potreby a informačné správanie ZP. Poskytovanie diferencovaných knižnično-informačných služieb v knižnici. Využitie moderných informačných technológií a internetu. | ||
| 610 | 2 | 0 | |a knižnice |
| 610 | 2 | 0 | |a používatelia |
| 610 | 2 | 0 | |a služby |
| 610 | 2 | 0 | |a informácie |
| 610 | 2 | 0 | |a internet |
| 610 | 2 | 0 | |a technológie informačné |
| 100 | 1 | |a Matthaeidesová, Marta | |